000 00537nam a2200157 i 4500
001 84988
003 ES-MaACL
005 20230906175146.0
007 t|
008 041124s1973 sp ||||1| spa d
111 2 _aJornadas Técnicas de Pepinillos y Encurtidos de Rioja (
_d1971.
_cLogroño)
_9897
245 1 0 _aJornadas Técnicas de Pepinillos y Encurtidos de Rioja
_b: Logroño 1971.
260 _aLogroño :
_bDiputación Provincial de Logroño,
_c[1973]
300 _a310 p. :
_bil ;
_c26 cm.
852 _aES-MaACL
_jC-53268
_bR.86198
999 _c84988
_d84988